[Event "Benidorm 2011 - 10. Torneo sub-2000"]
[Site "Benidorm ESP"]
[Date "2011.12.07"]
[Round "7.52"]
[White "Saifi, Mourad"]
[Black "Gomez Manzano, Francisco Carlos"]
[Result "1-0"]
[WhiteElo "1950"]
[BlackElo "1840"]
[PlyCount "29"]
[EventDate "2011.12.02"]
[EventType "swiss"]
[EventRounds "10"]
[EventCountry "ESP"]
[Source "lmi"]
[SourceDate "2011.12.02"]

1. e4 c6 2. d4 d5 3. Nc3 dxe4 4. Nxe4 Bf5 5. Ng3 Bg6 6. Nf3 Nf6 7. Bd3 Bxd3 8.
Qxd3 e6 9. O-O Be7 10. Ne5 O-O 11. Bf4 Nbd7 12. Rac1 Rb8 13. Qd2 g5 14. Nxf7
Qb6 15. Bxb8 1-0

[Event "Benidorm 2011 - 10. Torneo sub-2000"]
[Site "Benidorm ESP"]
[Date "2011.12.07"]
[Round "7.59"]
[White "Maseda Iglesias, Luis"]
[Black "Allabatre, Steeve"]
[Result "0-1"]
[WhiteElo "1760"]
[BlackElo "1907"]
[PlyCount "56"]
[EventDate "2011.12.02"]
[EventType "swiss"]
[EventRounds "10"]
[EventCountry "ESP"]
[Source "lmi"]
[SourceDate "2011.12.02"]

1. d4 f5 2. g3 Nf6 3. Bg2 g6 4. c4 Bg7 5. Nc3 O-O 6. Nh3 d6 7. O-O c6 8. Bg5
Ne4 9. Nxe4 fxe4 10. Qd2 Bg4 11. f3 exf3 12. exf3 Bf5 13. Bh6 Qb6 14. Bxg7 Kxg7
15. Nf2 Na6 16. g4 Bd7 17. Rfe1 Rae8 18. h4 Qb4 19. Qg5 Rf7 20. b3 h6 21. Qe3
e5 22. a3 Qa5 23. b4 Qd8 24. dxe5 Rxe5 25. Qd4 Qf6 26. Rxe5 dxe5 27. Qxa7 e4
28. Nxe4 Qxa1+ 0-1

[Event "Benidorm 2011 - 10. Torneo sub-2000"]
[Site "Benidorm ESP"]
[Date "2011.12.08"]
[Round "8.1"]
[White "Bote Kobolo, Benjamin"]
[Black "Bru Rullo, Llatzer"]
[Result "1-0"]
[WhiteElo "1955"]
[BlackElo "1985"]
[PlyCount "107"]
[EventDate "2011.12.02"]
[EventType "swiss"]
[EventRounds "10"]
[EventCountry "ESP"]
[Source "lmi"]
[SourceDate "2011.12.02"]

1. Nf3 Nf6 2. c4 e6 3. Nc3 d5 4. cxd5 exd5 5. d4 Be7 6. Bg5 Nbd7 7. e3 c6 8.
Bd3 O-O 9. O-O h6 10. Bh4 Ne8 11. Bg3 Bd6 12. Ne5 Nxe5 13. dxe5 Be7 14. Qh5 Nc7
15. f4 f5 16. exf6 Rxf6 17. Bg6 Ne6 18. f5 Nc5 19. Bf4 Nd7 20. Bxh6 gxh6 21.
Qxh6 Nf8 22. Rf3 Bxf5 23. Rxf5 Rxg6 24. Rxf8+ Bxf8 25. Qxg6+ Bg7 26. Qe6+ Kh8
27. Rf1 Qe8 28. Qh3+ Kg8 29. Ne2 Qe4 30. Rf4 Qg6 31. Rf1 Re8 32. Qf3 Rf8 33.
Nf4 Qc2 34. Qg4 Qxb2 35. h4 Qe5 36. Rf3 Rf6 37. Rg3 Qe7 38. Nh5 Rf7 39. Nf4 Rf6
40. h5 Kh7 41. h6 Rxh6 42. Nh5 Rxh5 43. Qxh5+ Kg8 44. Qf5 Qe8 45. Rh3 Qe7 46.
Qh7+ Kf8 47. Rf3+ Ke8 48. Qg8+ Bf8 49. Qg3 Qd6 50. Qg4 Qc7 51. Qe6+ Be7 52. Rh3
Kf8 53. Rh8+ Kg7 54. Rg8+ 1-0

[Event "Benidorm 2011 - 10. Torneo sub-2000"]
[Site "Benidorm ESP"]
[Date "2011.12.08"]
[Round "8.2"]
[White "Campos Cayuelas, Adria"]
[Black "Chaikhiev Chaikhieva, Miguel A"]
[Result "1-0"]
[WhiteElo "1979"]
[BlackElo "1663"]
[PlyCount "75"]
[EventDate "2011.12.02"]
[EventType "swiss"]
[EventRounds "10"]
[EventCountry "ESP"]
[Source "lmi"]
[SourceDate "2011.12.02"]

1. e4 e5 2. Nc3 Nf6 3. f4 d6 4. Nf3 Nc6 5. Bc4 Bg4 6. h3 Bxf3 7. Qxf3 Qd7 8.
O-O Nd4 9. Qd1 O-O-O 10. d3 exf4 11. Bxf4 Ne6 12. Be3 a6 13. a4 Re8 14. b4 c6
15. b5 Nc7 16. bxc6 bxc6 17. Qb1 d5 18. Ba7 Nb5 19. axb5 Qxa7+ 20. b6 Bc5+ 21.
Kh1 Qxb6 22. Rxa6 Qxb1 23. Rxb1 Bd4 24. Rxc6+ Kd7 25. Bxd5 Nxd5 26. exd5 Rb8
27. Rf1 f6 28. Ne4 Rb5 29. c4 Rb3 30. c5 Rhb8 31. Re6 Rxd3 32. c6+ Kd8 33. d6
Bb6 34. Rb1 Rd5 35. Rxb6 Rxb6 36. c7+ Kd7 37. Re7+ Kc8 38. Re8+ 1-0

[Event "Benidorm 2011 - 10. Torneo sub-2000"]
[Site "Benidorm ESP"]
[Date "2011.12.08"]
[Round "8.3"]
[White "Elmas, Mustafa"]
[Black "Perez Garcia, Juan Angel"]
[Result "1-0"]
[WhiteElo "1887"]
[BlackElo "1959"]
[PlyCount "273"]
[EventDate "2011.12.02"]
[EventType "swiss"]
[EventRounds "10"]
[EventCountry "ESP"]
[Source "lmi"]
[SourceDate "2011.12.02"]

1. e4 e5 2. Nf3 Nc6 3. Bc4 Bc5 4. O-O Nf6 5. c3 O-O 6. d4 Bb6 7. dxe5 Nxe4 8.
Qd5 Nc5 9. a4 Ne6 10. b4 a5 11. b5 Ne7 12. Qe4 d5 13. exd6 Qxd6 14. Ba3 Nc5 15.
Qh4 Ng6 16. Qh5 Nf4 17. Qh4 Ng6 18. Qg5 Qf4 19. Nbd2 Bf5 20. Rfe1 Rfe8 21. Qxf4
Nxf4 22. Nd4 Bg6 23. Bxc5 Bxc5 24. N2f3 Bd6 25. Rad1 h6 26. g3 Nh5 27. Bd5
Rxe1+ 28. Rxe1 Rb8 29. Nh4 Bd3 30. Re3 Bb1 31. Nhf5 Nf6 32. Bf3 Bc5 33. Re5 Ba3
34. Re1 Bd3 35. Ne7+ Kf8 36. Nd5 Nxd5 37. Bxd5 Bd6 38. Re3 Bg6 39. h4 b6 40.
Bc6 Bc5 41. Rf3 Rd8 42. Ne6+ Ke7 43. Nxd8 Kxd8 44. Bd5 f6 45. Bb3 Ke7 46. Rf4
Bd3 47. h5 f5 48. Kg2 Kf6 49. Bd1 Kg5 50. Rh4 Bb1 51. Rh1 Be4+ 52. Bf3 Bc2 53.
Ra1 Bd6 54. Be2 Kf6 55. Bd1 Bd3 56. f4 Bc5 57. Bf3 Bc2 58. Bd5 g6 59. hxg6 Kxg6
60. Kf3 Kg7 61. g4 fxg4+ 62. Kxg4 Kf6 63. Bf3 Bd6 64. Bd1 Bf5+ 65. Kf3 Bd3 66.
Ra2 Bg6 67. Kg3 Bb1 68. Rh2 Kg7 69. Bc2 Ba2 70. Kf3 Bd5+ 71. Kg3 Be6 72. Re2
Kf6 73. Kf3 Bd5+ 74. Kg4 Kg7 75. f5 Kf6 76. Rd2 Bc4 77. Kh5 Bf7+ 78. Kh4 Bc4
79. Rg2 Bf7 80. Rg4 Be5 81. c4 Bd6 82. Bd3 Bc5 83. Kg3 Bb4 84. Kf4 Bd6+ 85. Ke4
Bc5 86. Rh4 Kg5 87. Rh1 Bd6 88. Kd4 Bc5+ 89. Ke4 Bd6 90. Be2 Bc5 91. Rd1 Bd6
92. Bd3 Kf6 93. Bc2 Ke7 94. Bb3 Bc5 95. Rh1 h5 96. Rh2 Kf6 97. Rd2 Ke7 98. Kf4
Kf6 99. Rd7 Bd6+ 100. Ke4 Bg3 101. Rd8 h4 102. Rd3 Bd6 103. c5 Bxc5 104. Bxf7
Kxf7 105. Rd7+ Kf6 106. Rxc7 Kg5 107. Rg7+ Kf6 108. Rg4 Bf2 109. Rg6+ Kf7 110.
Ke5 Bg3+ 111. Kd5 Ke7 112. Rh6 Bf2 113. Kc6 Kf7 114. Kd7 Kg7 115. Rg6+ Kf7 116.
Kd6 h3 117. Rh6 h2 118. Kd7 Bg1 119. Kc6 Ke7 120. Kc7 Bd4 121. Kc6 Bg1 122. f6+
Ke6 123. Kb7 Kd7 124. f7 Ke7 125. Rh7 Bc5 126. Kc6 Bg1 127. Kd5 Bc5 128. Rxh2
Kxf7 129. Re2 Kf6 130. Kc6 Kf7 131. Rd2 Ke7 132. Rd7+ Ke8 133. Rb7 Kd8 134.
Rxb6 Bb4 135. Rb8+ Ke7 136. b6 Bd2 137. b7 1-0

[Event "Benidorm 2011 - 10. Torneo sub-2000"]
[Site "Benidorm ESP"]
[Date "2011.12.08"]
[Round "8.4"]
[White "Gonzalez Pabollet, Jesus Maria"]
[Black "Basilio Rodriguez, Jose Manuel"]
[Result "1-0"]
[WhiteElo "1950"]
[BlackElo "1907"]
[PlyCount "125"]
[EventDate "2011.12.02"]
[EventType "swiss"]
[EventRounds "10"]
[EventCountry "ESP"]
[Source "lmi"]
[SourceDate "2011.12.02"]

1. e4 e6 2. b3 d5 3. exd5 exd5 4. Bb2 Nf6 5. Nf3 Be7 6. d4 Bg4 7. h3 Bh5 8. Be2
O-O 9. O-O Ne4 10. Nbd2 Nxd2 11. Qxd2 Bd6 12. c4 c6 13. Rae1 Nd7 14. Ne5 Bxe2
15. Rxe2 f6 16. Ng4 Re8 17. Rfe1 Rxe2 18. Rxe2 Nf8 19. Qd3 Qd7 20. Qf3 Re8 21.
Rxe8 Qxe8 22. Ne3 dxc4 23. bxc4 Qe7 24. Bc3 Bb8 25. Nf5 Qd7 26. d5 cxd5 27.
cxd5 Ng6 28. d6 Qe6 29. Qxb7 Qxf5 30. Qxb8+ Nf8 31. Qb3+ Qe6 32. Kf1 Kf7 33.
Bb4 Qxb3 34. axb3 Ke6 35. Bc5 a6 36. Ke2 Kd5 37. b4 a5 38. Kd3 Nd7 39. f4 g6
40. g3 h5 41. h4 Nb8 42. Bd4 axb4 43. Bxf6 Nd7 44. Be5 Nc5+ 45. Kc2 Kc4 46. Kb1
Kd5 47. Kc2 Kc4 48. g4 hxg4 49. f5 Kd5 50. fxg6 b3+ 51. Kb1 Ne6 52. d7 Kxe5 53.
g7 Nxg7 54. d8=Q Nf5 55. Qb8+ Ke4 56. Qe8+ Kf4 57. Qb8+ Ke4 58. Qb4+ Nd4 59. h5
g3 60. h6 g2 61. Qb7+ Kd3 62. Qxg2 Ne2 63. Qxe2+ 1-0

[Event "Benidorm 2011 - 10. Torneo sub-2000"]
[Site "Benidorm ESP"]
[Date "2011.12.08"]
[Round "8.5"]
[White "Babakhanyan, Varuzhan"]
[Black "Hall, Rachid"]
[Result "0-1"]
[WhiteElo "1953"]
[BlackElo "1998"]
[PlyCount "166"]
[EventDate "2011.12.02"]
[EventType "swiss"]
[EventRounds "10"]
[EventCountry "ESP"]
[Source "lmi"]
[SourceDate "2011.12.02"]

1. e4 c5 2. Nf3 Nc6 3. Bb5 Nf6 4. Nc3 Nd4 5. Bd3 d6 6. Nxd4 cxd4 7. Ne2 e5 8.
O-O Be7 9. c3 dxc3 10. bxc3 O-O 11. Bc2 b6 12. d4 Ba6 13. Re1 Rc8 14. Bb2 Qc7
15. Ng3 exd4 16. Qxd4 Nd7 17. Nh5 Ne5 18. Re3 Qc5 19. Bb3 g6 20. Nf4 Bg5 21. g3
Rfd8 22. Rd1 Ng4 23. Ree1 Ne5 24. Kg2 Qxd4 25. cxd4 Bxf4 26. gxf4 Nd3 27. Rxd3
Bxd3 28. Kf3 b5 29. a3 a5 30. Ke3 Bc4 31. Bc2 d5 32. e5 f5 33. Rg1 Kf7 34. h4
Rb8 35. Kd2 Rdc8 36. Re1 Ke6 37. Rh1 Rc7 38. h5 Rg8 39. Bc3 a4 40. Ba5 Rcg7 41.
h6 Rf7 42. Rg1 Rc8 43. Bb4 Rfc7 44. Bb1 Rc6 45. Rh1 Ba2 46. Bd3 Bb3 47. Rg1 Kf7
48. Rh1 Bc2 49. Bxb5 Be4 50. Bxc6 Bxh1 51. Bd7 Ra8 52. e6+ Kf6 53. e7 Kf7 54.
Bc6 Rc8 55. Bxa4 Bg2 56. Bd7 Ra8 57. a4 Bf1 58. Bc6 Rc8 59. Bxd5+ Ke8 60. Bg8
Ba6 61. Bxh7 Kf7 62. d5 Bb7 63. d6 Bc6 64. Bc3 Bxa4 65. Bd4 Rc2+ 66. Ke3 Bb5
67. Kf3 Rc1 68. Bg7 Re1 69. Bc3 Bc6+ 70. Kg3 Rg1+ 71. Kh4 Rh1+ 72. Kg3 Rxh6 73.
Bxg6+ Rxg6+ 74. Kh3 Rxd6 75. Bb4 Rg6 76. Bc5 Ke6 77. Bb4 Kd5 78. Kh4 Ke4 79.
Kh5 Rg8 80. Bd6 Be8+ 81. Kh6 Rg6+ 82. Kh7 Rxd6 83. Kg7 Ra6 0-1

[Event "Benidorm 2011 - 10. Torneo sub-2000"]
[Site "Benidorm ESP"]
[Date "2011.12.08"]
[Round "8.6"]
[White "Sanz Rodero, Mikel"]
[Black "Llacuna Cufi, Salvador"]
[Result "1-0"]
[WhiteElo "1994"]
[BlackElo "1954"]
[PlyCount "43"]
[EventDate "2011.12.02"]
[EventType "swiss"]
[EventRounds "10"]
[EventCountry "ESP"]
[Source "lmi"]
[SourceDate "2011.12.02"]

1. d4 Nf6 2. Nf3 c5 3. e3 e6 4. Bd3 Nc6 5. c3 d5 6. O-O Bd6 7. Nbd2 Qb6 8. Qe2
Be7 9. dxc5 Bxc5 10. e4 O-O 11. e5 Nd7 12. Nb3 f6 13. Nxc5 Qxc5 14. exf6 Nxf6
15. Be3 Qd6 16. Bd4 Nxd4 17. cxd4 Ng4 18. Bxh7+ Kh8 19. Ne5 Rf4 20. g3 Nxe5 21.
dxe5 Qe7 22. Qh5 1-0

[Event "Benidorm 2011 - 10. Torneo sub-2000"]
[Site "Benidorm ESP"]
[Date "2011.12.08"]
[Round "8.7"]
[White "Trabazos Gallego, Javier"]
[Black "Moya Mallafre, Erik"]
[Result "0-1"]
[WhiteElo "1922"]
[BlackElo "1989"]
[PlyCount "82"]
[EventDate "2011.12.02"]
[EventType "swiss"]
[EventRounds "10"]
[EventCountry "ESP"]
[Source "lmi"]
[SourceDate "2011.12.02"]

1. d4 d6 2. Bf4 Nf6 3. Nf3 g6 4. e3 Bg7 5. Be2 O-O 6. h3 c5 7. c3 Qb6 8. Qb3
Be6 9. Qc2 Bf5 10. Qb3 Nc6 11. Nbd2 Be6 12. Qc2 cxd4 13. Nxd4 Nxd4 14. exd4
Rac8 15. Nf3 Nd5 16. Be3 Nxe3 17. fxe3 Bh6 18. Qd2 Bd5 19. O-O e5 20. Rfe1 Rfe8
21. Bd1 Re7 22. Qf2 Rce8 23. Qh4 Kg7 24. b3 exd4 25. Qxd4+ Qxd4 26. Nxd4 Bxe3+
27. Kf1 Bxd4 28. Rxe7 Rxe7 29. cxd4 Re3 30. Kf2 Rd3 31. Be2 Rxd4 32. Rd1 Rxd1
33. Bxd1 Kf6 34. g3 Ke5 35. Ke3 g5 36. Be2 f5 37. Bd3 f4+ 38. Kf2 h6 39. gxf4+
Kxf4 40. Be2 a5 41. Bf1 b6 0-1

[Event "Benidorm 2011 - 10. Torneo sub-2000"]
[Site "Benidorm ESP"]
[Date "2011.12.08"]
[Round "8.9"]
[White "Serrano Martinez, Francisco Jose"]
[Black "Fernandez Aguilar, Francisco"]
[Result "1/2-1/2"]
[WhiteElo "1980"]
[BlackElo "1917"]
[PlyCount "26"]
[EventDate "2011.12.02"]
[EventType "swiss"]
[EventRounds "10"]
[EventCountry "ESP"]
[Source "lmi"]
[SourceDate "2011.12.02"]

1. d4 Nf6 2. Nf3 d5 3. Bf4 e6 4. e3 Bd6 5. Bg3 O-O 6. c4 c6 7. Bd3 b6 8. Nc3
Bb7 9. O-O Bxg3 10. hxg3 Nbd7 11. Rc1 Rc8 12. Qe2 Qe7 13. cxd5 cxd5 1/2-1/2

[Event "Benidorm 2011 - 10. Torneo sub-2000"]
[Site "Benidorm ESP"]
[Date "2011.12.08"]
[Round "8.10"]
[White "Oualili, Abdelali"]
[Black "Haddad Filho, Paulo Ibrahim"]
[Result "1/2-1/2"]
[WhiteElo "1894"]
[BlackElo "1972"]
[PlyCount "67"]
[EventDate "2011.12.02"]
[EventType "swiss"]
[EventRounds "10"]
[EventCountry "ESP"]
[Source "lmi"]
[SourceDate "2011.12.02"]

1. Nf3 Nf6 2. g3 g6 3. Bg2 Bg7 4. c4 c5 5. Nc3 Nc6 6. d4 cxd4 7. Nxd4 O-O 8.
Nxc6 dxc6 9. Qc2 Bf5 10. e4 Be6 11. b3 Qb6 12. Bb2 Rfd8 13. O-O h5 14. h3 Bh6
15. Rad1 Qa5 16. Rxd8+ Rxd8 17. Rd1 Bg7 18. Rxd8+ Qxd8 19. Ne2 Qa5 20. Bc3 Qd8
21. Nf4 Bc8 22. e5 Bf5 23. Qe2 Ne8 24. Bf1 Nc7 25. g4 hxg4 26. hxg4 Bc8 27. Qf3
Qd7 28. Be2 Ne6 29. Nxe6 Qxe6 30. Qe3 b6 31. Bf3 Bd7 32. Kf1 Kh7 33. Bd2 c5 34.
Bc3 1/2-1/2

[Event "Benidorm 2011 - 10. Torneo sub-2000"]
[Site "Benidorm ESP"]
[Date "2011.12.08"]
[Round "8.11"]
[White "Iglesias Garcia, Jorge"]
[Black "Tonus, Alex"]
[Result "1-0"]
[WhiteElo "1885"]
[BlackElo "1965"]
[PlyCount "74"]
[EventDate "2011.12.02"]
[EventType "swiss"]
[EventRounds "10"]
[EventCountry "ESP"]
[Source "lmi"]
[SourceDate "2011.12.02"]

1. d4 d5 2. c4 e5 3. e3 exd4 4. exd4 Nf6 5. Nf3 Bb4+ 6. Nc3 O-O 7. Be2 Re8 8.
O-O Nc6 9. Bg5 Bxc3 10. bxc3 Be6 11. Ne5 h6 12. Nxc6 bxc6 13. Bxf6 Qxf6 14. Bf3
Red8 15. c5 Bf5 16. Re1 a6 17. Qd2 Be6 18. Be2 a5 19. Bd3 Rab8 20. Rab1 Bf5 21.
h3 a4 22. Qc2 Bxd3 23. Qxd3 a3 24. Rb4 Re8 25. Re3 Qg5 26. Qe2 Rec8 27. g3 Qg6
28. Qd3 Qxd3 29. Rxd3 Kf8 30. Kf1 Ke7 31. Rd1 Kf6 32. Rdb1 Ra8 33. Rb7 Kf5 34.
R1b3 Kf6 35. Ke2 h5 36. Kd2 g5 37. Ke1 Rg8 1-0

[Event "Benidorm 2011 - 10. Torneo sub-2000"]
[Site "Benidorm ESP"]
[Date "2011.12.08"]
[Round "8.12"]
[White "Salido Polo, Veronica"]
[Black "Romero Calduch, Sergio"]
[Result "0-1"]
[WhiteElo "1964"]
[BlackElo "1889"]
[PlyCount "58"]
[EventDate "2011.12.02"]
[EventType "swiss"]
[EventRounds "10"]
[EventCountry "ESP"]
[Source "lmi"]
[SourceDate "2011.12.02"]

1. e4 e6 2. d4 d5 3. Nd2 Nf6 4. e5 Nfd7 5. Bd3 c5 6. c3 Nc6 7. Ne2 cxd4 8. cxd4
f6 9. exf6 Nxf6 10. Nf3 Bd6 11. O-O O-O 12. Bg5 Qc7 13. Bxf6 Rxf6 14. Ng3 Bd7
15. Rc1 Rc8 16. Bb1 Qb6 17. Qd3 g6 18. Rfd1 Qxb2 19. Rd2 Qb6 20. h4 Bxg3 21.
fxg3 e5 22. h5 e4 23. Qe3 exf3 24. hxg6 f2+ 25. Kh2 hxg6 26. Qg5 Ne7 27. Re2
Rf7 28. Rxf2 Rxf2 29. Qxe7 Rf7 0-1

[Event "Benidorm 2011 - 10. Torneo sub-2000"]
[Site "Benidorm ESP"]
[Date "2011.12.08"]
[Round "8.14"]
[White "Fernandez Garcia, Javier"]
[Black "Diaz Illescas, Juan Carlos"]
[Result "1-0"]
[WhiteElo "1999"]
[BlackElo "1907"]
[PlyCount "51"]
[EventDate "2011.12.02"]
[EventType "swiss"]
[EventRounds "10"]
[EventCountry "ESP"]
[Source "lmi"]
[SourceDate "2011.12.02"]

1. d4 Nf6 2. Nf3 d6 3. Nc3 g6 4. e4 Bg7 5. Be3 Nbd7 6. Qd2 Ng4 7. Bg5 h6 8. Bh4
c5 9. h3 cxd4 10. Nxd4 Ngf6 11. O-O-O a6 12. f4 b5 13. Re1 Bb7 14. e5 dxe5 15.
fxe5 b4 16. exf6 bxc3 17. Qf2 Nxf6 18. Bxf6 Bxf6 19. Qxf6 O-O 20. Rxe7 Bd5 21.
Bd3 Bxa2 22. b3 Qa5 23. Bxg6 Bxb3 24. Nxb3 Qa3+ 25. Kd1 Rad8+ 26. Ke2 1-0

[Event "Benidorm 2011 - 10. Torneo sub-2000"]
[Site "Benidorm ESP"]
[Date "2011.12.08"]
[Round "8.15"]
[White "Rubio Mancebon, Pedro Jose"]
[Black "Arroyo Rodriguez, Jesus"]
[Result "0-1"]
[WhiteElo "2024"]
[BlackElo "1980"]
[PlyCount "108"]
[EventDate "2011.12.02"]
[EventType "swiss"]
[EventRounds "10"]
[EventCountry "ESP"]
[Source "lmi"]
[SourceDate "2011.12.02"]

1. d4 d5 2. Nf3 e6 3. c4 c6 4. g3 f5 5. Bg2 Nf6 6. O-O Be7 7. b3 O-O 8. Ba3 Bd7
9. Qc1 Be8 10. Bxe7 Qxe7 11. Ne5 Nbd7 12. Nd3 h6 13. Nd2 g5 14. Nf3 Bh5 15. Qb2
Rae8 16. Nfe5 Nxe5 17. Nxe5 Nd7 18. Bf3 g4 19. Bg2 Nxe5 20. dxe5 f4 21. gxf4
Rxf4 22. e3 Rf5 23. e4 dxe4 24. Bxe4 Rf4 25. Bg2 Ref8 26. Rad1 Qg5 27. Rd7 R4f7
28. Rxf7 Rxf7 29. Qd4 a6 30. Re1 Bg6 31. Rd1 Kg7 32. b4 h5 33. a4 h4 34. b5 Bc2
35. Ra1 h3 36. Bf1 Qf5 37. Qe3 Be4 38. Re1 Bc2 39. bxa6 bxa6 40. a5 Rd7 41. Kh1
Kf7 42. Kg1 Bb1 43. Qc1 Rb7 44. Qd2 Be4 45. Qe3 Rb2 46. Be2 Ra2 47. Bf1 Kg8 48.
Be2 Bg2 49. Qd4 Rxe2 50. Qd8+ Kf7 51. Qd7+ Kg6 52. Qe8+ Kg5 53. Qd8+ Kf4 54.
Qd4+ Qe4 0-1

[Event "Benidorm 2011 - 10. Torneo sub-2000"]
[Site "Benidorm ESP"]
[Date "2011.12.08"]
[Round "8.17"]
[White "Voet, Dirk"]
[Black "Martinez Hernandez, Javier"]
[Result "0-1"]
[WhiteElo "1846"]
[BlackElo "1977"]
[PlyCount "62"]
[EventDate "2011.12.02"]
[EventType "swiss"]
[EventRounds "10"]
[EventCountry "ESP"]
[Source "lmi"]
[SourceDate "2011.12.02"]

1. Nf3 Nf6 2. g3 g6 3. Bg2 Bg7 4. O-O O-O 5. d3 d6 6. e4 Nbd7 7. Nbd2 c5 8. Nc4
b5 9. Ne3 Bb7 10. Nh4 Qb6 11. Kh1 e6 12. f4 Rae8 13. Qe1 Qd8 14. g4 h5 15. h3
hxg4 16. hxg4 d5 17. e5 Nh7 18. g5 Nxg5 19. Qg3 Nh7 20. Rg1 Nxe5 21. fxe5 Bxe5
22. Qxe5 Qxh4+ 23. Qh2 Qxh2+ 24. Kxh2 f5 25. c4 Nf6 26. cxb5 f4 27. Nc2 Ng4+
28. Kh3 Nf2+ 29. Kh4 Nxd3 30. Bf1 Ne5 31. Ne1 Kg7 0-1

[Event "Benidorm 2011 - 10. Torneo sub-2000"]
[Site "Benidorm ESP"]
[Date "2011.12.08"]
[Round "8.18"]
[White "Johnsen, Kjell Magne"]
[Black "Garcia Sanchez, Jose Manuel"]
[Result "1-0"]
[WhiteElo "1948"]
[BlackElo "1900"]
[PlyCount "71"]
[EventDate "2011.12.02"]
[EventType "swiss"]
[EventRounds "10"]
[EventCountry "ESP"]
[Source "lmi"]
[SourceDate "2011.12.02"]

1. d4 Nf6 2. c4 e5 3. dxe5 Ng4 4. Nf3 Bc5 5. e3 Nc6 6. Be2 Ngxe5 7. Nxe5 Nxe5
8. O-O d6 9. a3 O-O 10. f4 Ng6 11. Bd3 Qe7 12. Kh1 Qh4 13. Nc3 f5 14. b4 Bb6
15. Nd5 c6 16. Nxb6 axb6 17. Bb2 Be6 18. Qe2 Qe7 19. Rfe1 d5 20. cxd5 cxd5 21.
Rac1 Rac8 22. Qd2 Rxc1 23. Rxc1 Rc8 24. Bd4 Qd8 25. Rxc8 Bxc8 26. Qc3 Qe8 27.
Bxb6 Ne7 28. b5 Bd7 29. a4 Qh5 30. h3 g5 31. Qf6 gxf4 32. Bd4 Qg6 33. Qxe7 f3
34. Qd8+ Be8 35. Qxd5+ Bf7 36. Qxf3 1-0

[Event "Benidorm 2011 - 10. Torneo sub-2000"]
[Site "Benidorm ESP"]
[Date "2011.12.08"]
[Round "8.19"]
[White "Blondel, Jerome"]
[Black "Romero Haro, Florentino"]
[Result "0-1"]
[WhiteElo "1944"]
[BlackElo "1893"]
[PlyCount "64"]
[EventDate "2011.12.02"]
[EventType "swiss"]
[EventRounds "10"]
[EventCountry "ESP"]
[Source "lmi"]
[SourceDate "2011.12.02"]

1. d4 d5 2. Nf3 Nc6 3. Bf4 Bg4 4. Nbd2 e6 5. e3 Bd6 6. Bg3 Nge7 7. Be2 O-O 8.
Rc1 Ng6 9. c4 f5 10. Bxd6 Qxd6 11. cxd5 exd5 12. Qb3 Nd8 13. h3 Bxf3 14. Nxf3
Kh8 15. Qc2 c6 16. h4 Ne6 17. Bd3 Ne7 18. Ne5 c5 19. Nf3 cxd4 20. exd4 Nc6 21.
Qa4 Nexd4 22. Nxd4 Qf4 23. Rxc6 bxc6 24. g3 Qg4 25. Be2 Rfe8 26. Qd1 c5 27. Nc2
Qe4 28. f3 Qe5 29. Kf2 Qxb2 30. Ne3 d4 31. Nxf5 Re5 32. Nd6 Qxa2 0-1

[Event "Benidorm 2011 - 10. Torneo sub-2000"]
[Site "Benidorm ESP"]
[Date "2011.12.08"]
[Round "8.22"]
[White "Pastor Briones, Jose"]
[Black "Pia Iglesias, Jose Maria"]
[Result "1-0"]
[WhiteElo "1845"]
[BlackElo "1995"]
[PlyCount "41"]
[EventDate "2011.12.02"]
[EventType "swiss"]
[EventRounds "10"]
[EventCountry "ESP"]
[Source "lmi"]
[SourceDate "2011.12.02"]

1. e4 c6 2. d4 d5 3. f3 e6 4. Nc3 Bb4 5. Bf4 dxe4 6. fxe4 Nf6 7. Qd3 Qa5 8.
Nge2 Nbd7 9. a3 b6 10. O-O-O Ba6 11. Qf3 Be7 12. g4 Bc4 13. g5 Ng8 14. d5 cxd5
15. exd5 Rc8 16. dxe6 Bxe6 17. Nd5 h6 18. Nc7+ Rxc7 19. Bxc7 Bxg5+ 20. Kb1 Ngf6
21. Qa8+ 1-0

[Event "Benidorm 2011 - 10. Torneo sub-2000"]
[Site "Benidorm ESP"]
[Date "2011.12.08"]
[Round "8.25"]
[White "Penarrubia Blasco, Jose Alfredo"]
[Black "Ruiz De Alegria Garcia, Carlos"]
[Result "1-0"]
[WhiteElo "1990"]
[BlackElo "1893"]
[PlyCount "42"]
[EventDate "2011.12.02"]
[EventType "swiss"]
[EventRounds "10"]
[EventCountry "ESP"]
[Source "lmi"]
[SourceDate "2011.12.02"]

1. e4 e5 2. Nf3 Nf6 3. Nc3 Nc6 4. Bb5 d6 5. h3 Be7 6. d3 h6 7. O-O Be6 8. d4
exd4 9. Nxd4 Bd7 10. f4 O-O 11. Nxc6 bxc6 12. Bd3 d5 13. e5 Bc5+ 14. Kh1 Nh7
15. Qh5 f5 16. Ne2 Be8 17. Qf3 Qh4 18. Ng3 g6 19. c3 Bd7 20. Bd2 Rf7 21. b4 Bb6
1-0

[Event "Benidorm 2011 - 10. Torneo sub-2000"]
[Site "Benidorm ESP"]
[Date "2011.12.09"]
[Round "9.1"]
[White "Gonzalez Pabollet, Jesus Maria"]
[Black "Bote Kobolo, Benjamin"]
[Result "1-0"]
[WhiteElo "1950"]
[BlackElo "1955"]
[PlyCount "151"]
[EventDate "2011.12.02"]
[EventType "swiss"]
[EventRounds "10"]
[EventCountry "ESP"]
[Source "lmi"]
[SourceDate "2011.12.02"]

1. Nf3 Nf6 2. g3 d6 3. Bg2 e5 4. d3 Nc6 5. c4 Be7 6. Nc3 O-O 7. O-O d5 8. cxd5
Nxd5 9. Nxd5 Qxd5 10. Bd2 Qd6 11. Bc3 Nd4 12. Nd2 c6 13. Nc4 Qc7 14. e3 Ne6 15.
Bxe5 Qd8 16. Qc2 Nc5 17. Rfd1 Bg4 18. Rd2 Qd7 19. b4 Ne6 20. Bc3 f6 21. h3 Bh5
22. f4 Nc7 23. e4 Nb5 24. d4 Bf7 25. Ne3 Rfe8 26. a3 Bd8 27. Kh2 a5 28. d5 Nxc3
29. Qxc3 axb4 30. axb4 Rxa1 31. Qxa1 cxd5 32. Nxd5 Qb5 33. Qd4 h5 34. Qd3 Qa4
35. Qc4 Qa1 36. Qb5 h4 37. gxh4 Qe1 38. Re2 Qxh4 39. Qxb7 Qh5 40. Ra2 Bxd5 41.
exd5 Qh4 42. Qb8 Kh7 43. Ra1 f5 44. Rf1 Re3 45. Qc8 Qg3+ 46. Kh1 Re2 47. Qxf5+
Kg8 48. Rg1 Bf6 49. d6 Rxg2 50. Rxg2 Qc3 51. d7 Qd4 52. Qe6+ Kh7 53. Qf5+ Kg8
54. b5 Kf7 55. Qh5+ Ke6 56. Qe8+ Kf5 57. Qh5+ Ke6 58. Qe2+ Kxd7 59. Qd2 Qxd2
60. Rxd2+ Kc7 61. Kg2 Bc3 62. Rd1 Kb6 63. Kf3 Bf6 64. Rb1 Bc3 65. Ke4 Bf6 66.
h4 Bc3 67. Kf5 Bd4 68. Kg6 Bc3 69. h5 Bd4 70. f5 Be3 71. f6 gxf6 72. Kxf6 Bd2
73. Kg6 Bc3 74. h6 Bh8 75. Kf7 Bd4 76. h7 1-0

[Event "Benidorm 2011 - 10. Torneo sub-2000"]
[Site "Benidorm ESP"]
[Date "2011.12.09"]
[Round "9.2"]
[White "Elmas, Mustafa"]
[Black "Campos Cayuelas, Adria"]
[Result "0-1"]
[WhiteElo "1887"]
[BlackElo "1979"]
[PlyCount "120"]
[EventDate "2011.12.02"]
[EventType "swiss"]
[EventRounds "10"]
[EventCountry "ESP"]
[Source "lmi"]
[SourceDate "2011.12.02"]

1. e4 e6 2. d4 d5 3. exd5 exd5 4. Bd3 Bd6 5. Nf3 Ne7 6. Bg5 O-O 7. Nbd2 Re8 8.
O-O Bg4 9. c3 Nd7 10. Qc2 h6 11. Bh4 Nf8 12. Rfe1 Ne6 13. h3 Bxf3 14. Nxf3 c6
15. Ne5 Nf4 16. Bh7+ Kf8 17. Qd2 g5 18. Bg3 Nh5 19. Bh2 Kg7 20. Bc2 Ng6 21.
Bxg6 fxg6 22. f4 gxf4 23. Bxf4 Nxf4 24. Qxf4 Rf8 25. Qg4 Bxe5 26. Rxe5 Qf6 27.
Re6 Qf2+ 28. Kh1 Rf6 29. Re7+ Rf7 30. Qd7 Rxe7 31. Qxe7+ Qf7 32. Re1 Rf8 33.
Kg1 Qxe7 34. Rxe7+ Rf7 35. Re8 Kf6 36. Kf2 h5 37. Re5 Re7 38. Re3 Rxe3 39. Kxe3
Kf5 40. g3 g5 41. a4 b6 42. Kf3 g4+ 43. hxg4+ hxg4+ 44. Ke3 c5 45. dxc5 bxc5
46. Kd3 Ke5 47. b4 Kd6 48. Ke3 Kc6 49. Kf4 d4 50. cxd4 cxb4 51. Ke4 a5 52. d5+
Kd7 53. Kd3 Kd6 54. Kd4 b3 55. Kc3 Kxd5 56. Kxb3 Kd4 57. Kc2 Ke3 58. Kc3 Kf2
59. Kc4 Kxg3 60. Kb5 Kf4 0-1